| 000 | 01828nam a22002417a 4500 | ||
|---|---|---|---|
| 003 | OSt | ||
| 005 | 20180911065806.0 | ||
| 008 | 180220b xxu||||| |||| 00| 0 spa d | ||
| 020 | _a9505360134 | ||
| 040 | _cPJ | ||
| 100 |
_aHitters, Juan Carlos _9120 |
||
| 245 | 1 | 0 |
_aTécnica de los recursos ordinarios / _cJuan Carlos Hitters. |
| 260 |
_aBuenos Aires : _cLep, _b1988. |
||
| 300 |
_a641 P. _c23 cm. |
||
| 500 | _aNotas y citas bibliográficas a pie de página. | ||
| 505 | _aContenido: Teoría general de la impugnación -- Concepto. Clasificación de los recursos -- Propedéutica recursiva -- Efectos de los recursos - Aclaratoria. Principios rectores -- Aclaratoria ( continuación). Motivos y limitaciones -- El recurso de reposición. Generalidades -- El recurso de reposición ( continuación). Trámite. La apelación en subsidio -- Apelación. Generalidades. Análisis histórico- comparatista -- Admisibilidad de la apelación. Resoluciones apelables e inapelables -- Procedencia de la apelación. Legitimación. Agravios. Remisión -- Efectos de la apelación. Efecto suspensivo y devolutivo. El efectos diferido. Formas de conceder la apelación. En relación y libre -- Objeto de la apelación. Límites del tribunal de alzada -- Procedimiento en segunda instancia. Fase introductoria. Trámite del recurso de apelación -- Procedimiento en segunda instancia (continuación). Fase probatoria y decisoria -- El recurso de nulidad -- El mal llamado "recurso " de consulta -- Apelación ordinaria ante la Corte Suprema Nacional -- El recurso de queja. | ||
| 650 | 0 |
_9267 _aDERECHO PROCESAL |
|
| 650 | 0 |
_9178 _aDERECHO CONSTITUCIONAL |
|
| 650 | 0 |
_91954 _aRECURSOS |
|
| 650 | 0 |
_92083 _aRECURSO DE APELACIÓN (PROCESAL) |
|
| 650 | 0 |
_92102 _aRECURSO DE QUEJA (PROCESAL) |
|
| 942 |
_2udc _cLIB _h347.956 _iHIT |
||
| 999 |
_c1417 _d1417 |
||